000 00757nam a2200253Ia 4500
003 OSt
005 20220923222753.0
006 a|||||r|||| 00| 0
007 ta
008 220922b |||||||| |||| 00| 0 hin d
024 _a207,665
037 _cTextual
040 _aARTS
_cARTS
_bhin
041 _2hin
_ahin
082 _aO152,3L77x, K9
100 _aनथमल
245 0 _aनैतिक पाठमाला
246 _aNaitik pāṭhamālā
260 _aराजस्थान
_b आदर्श साहित्य संघ
_c1969
300 _a198पृ.
_ccm.
650 _aहिन्दी साहित्य
_9156264
942 _hO152,3L77x, K9
_cTEXL
_2CC
999 _c358282
_d358282